| 000 | 00333nam a22001097a 4500 | ||
|---|---|---|---|
| 999 |
_c508621 _d508621 |
||
| 082 | _aT2x5452 | ||
| 100 |
_aAppadurai Pillai, Diwan Bahadur A. _94061 |
||
| 245 |
_aArtesian springs _cby Diwan Bahadur A. Appadurai Pillai |
||
| 260 |
_aMadras _bGovernment Press _c1932 |
||
| 300 | _a21p. | ||
| 700 |
_aMadras. Department of Industries _93715 |
||